Logante Malabar Manual (Record no. 54399)

MARC details
000 -LEADER
fixed length control field 00380nam a2200145Ia 4500
008 - FIXED-LENGTH DATA ELEMENTS--GENERAL INFORMATION
fixed length control field 211109s9999||||xx |||||||||||||| ||und||
082 ## - DEWEY DECIMAL CLASSIFICATION NUMBER
Classification number 954.83
Item number LOG.W
100 ## - MAIN ENTRY--PERSONAL NAME
Personal name Logan, William
245 #0 - TITLE STATEMENT
Title Logante Malabar Manual
260 ## - PUBLICATION, DISTRIBUTION, ETC.
Name of publisher, distributor, etc. Mathrubhumi Printing
Place of publication, distribution, etc. Calicut
Date of publication, distribution, etc. 1985
300 ## - PHYSICAL DESCRIPTION
Extent 768p
630 ## - SUBJECT ADDED ENTRY--UNIFORM TITLE
General subdivision General stack
650 ## - SUBJECT ADDED ENTRY--TOPICAL TERM
Topical term or geographic name entry element India--Malabar
942 ## - ADDED ENTRY ELEMENTS (KOHA)
Koha item type BOOK
650 ## - SUBJECT ADDED ENTRY--TOPICAL TERM
Form subdivision TravelMalayalam
Holdings
Withdrawn status Lost status Source of classification or shelving scheme Damaged status Not for loan Home library Current library Date acquired Cost, normal purchase price Total Checkouts Full call number Barcode Shelving location Date last seen Date last checked out Price effective from Koha item type
    Dewey Decimal Classification     SB LIBRARY SB LIBRARY 09/11/2021 420.00 1 954.83 LOG-L 00096826 GENERAL STACK 12/02/2024 29/01/2024 09/11/2021 BOOK

Powered by Koha